Caribbean Capitals - Statistics

General Stats
  • This quiz has been taken 546 times
  • The average score is 10 of 13
Answer Stats
Country Capital % Correct
Cuba Havana
96%
Jamaica Kingston
94%
Bahamas Nassau
90%
Haiti Port au Prince
89%
Trinidad and Tobago Port of Spain
85%
Dominican Republic Santo Domingo
85%
Barbados Bridgetown
82%
St. Vincent and the Grenadines Kingstown
74%
Dominica Roseau
73%
St. Lucia Castries
71%
Antigua and Barbuda St. John's
71%
Grenada St. George's
69%
St. Kitts and Nevis Basseterre
66%
No matching quizzes found
Score Distribution
Percent of People with Each Score
Percentile by Number Answered
Your Score History
You have not taken this quiz